书目信息 |
| 题名: |
数字地形分析
|
|
| 作者: | 周启鸣 编 | |
| 分册: | ||
| 出版信息: | 北京 科学出版社 2006.50 |
|
| 页数: | ||
| 开本: | 16开 | |
| 丛书名: | ||
| 单 册: | ||
| 中图分类: | P287 | |
| 科图分类: | ||
| 主题词: | 地图学 | |
| 电子资源: | ||
| ISBN: | 7-03-016885-2 | |
| 000 | 00503nam0 2200181 450 | |
| 001 | 0736196517 | |
| 005 | 20070924100316.51 | |
| 010 | @a7-03-016885-2@d¥55.00 | |
| 100 | @a20070924d km y0chiy0120 ea | |
| 101 | 0 | @achi |
| 200 | 1 | @a数字地形分析@Ashu zi di xing fen xi@f周启鸣 等编@Fzhou qi ming deng bian |
| 210 | @a北京@c科学出版社@d2006.50 | |
| 215 | @d16开 | |
| 606 | 0 | @a地图学 |
| 690 | @aP287@v3 | |
| 701 | 0 | @a周启鸣@Azhou qi ming@4编 |
| 801 | 0 | @aCN@bPFT@c20070924 |
| 905 | @a213230@dP287@eZY50@f1 | |
| 数字地形分析/周启鸣 等编.-北京:科学出版社,2006.50 |
| 16开 |
| ISBN 7-03-016885-2:¥55.00 |
| ● |
| 相关链接 |
|
|
|
|
正题名:数字地形分析
索取号:P287/ZY50
 
预约/预借
| 序号 | 登录号 | 条形码 | 馆藏地/架位号 | 状态 | 备注 |
| 1 | 7902516 | 279025163 | 密集书库-资源管理系/ [索取号:P287/ZY50] | 在馆 |